The life and adventures of Robinson Crusoe / (Record no. 49353)
| 000 -LEADER | |
|---|---|
| fixed length control field | 00637nam a2200169 4500 |
| 020 ## - INTERNATIONAL STANDARD BOOK NUMBER | |
| International Standard Book Number | 1774022168 |
| 100 ## - MAIN ENTRY--PERSONAL NAME | |
| Personal name | Defoe, Daniel. |
| 245 ## - TITLE STATEMENT | |
| Title | The life and adventures of Robinson Crusoe / |
| Statement of responsibility, etc | Daniel Defoe. |
| 260 ## - PUBLICATION, DISTRIBUTION, ETC. (IMPRINT) | |
| Place of publication, distribution, etc | Canada: |
| Name of publisher, distributor, etc | Paper Mill Press illustrated Classics; |
| Date of publication, distribution, etc | 2022. |
| 300 ## - PHYSICAL DESCRIPTION | |
| Extent | 351 p. |
| Other physical details | illustrations (black and white, and colour); |
| Dimensions | 21 cm. |
| 490 ## - SERIES STATEMENT | |
| Series statement | The Bath collection of paperback classics; |
| 650 ## - SUBJECT ADDED ENTRY--TOPICAL TERM | |
| Topical term or geographic name as entry element | Shipwrecks. Survival. |
| Form subdivision | Fiction. |
| 9 (RLIN) | 86564 |
| 655 ## - INDEX TERM--GENRE/FORM | |
| Genre/form data or focus term | Classics. Adventure. |
| 9 (RLIN) | 86565 |
| 700 ## - ADDED ENTRY--PERSONAL NAME | |
| Relator code | illustrator. |
| Personal name | Walter Stanley Paget. |
| 9 (RLIN) | 86566 |
| 700 ## - ADDED ENTRY--PERSONAL NAME | |
| Relator code | colorist. |
| Personal name | Tom Sperling. |
| 9 (RLIN) | 86567 |
| 942 ## - ADDED ENTRY ELEMENTS (KOHA) | |
| Source of classification or shelving scheme | |
| Koha item type | YA FIC BOOKS |
| Withdrawn status | Lost status | Source of classification or shelving scheme | Damaged status | Not for loan | Collection code | Home library | Current library | Shelving location | Date acquired | Total Checkouts | Full call number | Barcode | Date last seen | Date checked out | Price effective from | Koha item type |
|---|---|---|---|---|---|---|---|---|---|---|---|---|---|---|---|---|
| SECONDARY | Asian Hope Secondary Library | Asian Hope Secondary Library | Junior Fiction | 08/19/2025 | 1 | YA FIC DEF | 208722 | 01/16/2026 | 09/30/2025 | 08/19/2025 | YA FIC BOOKS |